K metodike psychologickej diagnostiky Ohlas na článok K diferenciácii v osobitnej škole v UN č. 39

Bibliographic Details
Main Authors: Hučík, Ján, 1928- (Author), Senka, Ján, 1936-1998 (Author), Učeň, Ivan (Author)
Format: Article
Language:Slovak
Subjects:

MARC

LEADER 00000nab a2200000 a 4500
001 vtls000169298
003 SK-MaSNL
005 20260303191922.0
008 140301c1983 xo 0 slo
015 |a SNBRB19rr/mm-uuuuu 
035 |a CL0179409 
040 |a SNKBUCL  |b slo  |c SNKBUCL  |e AACR2 
041 0 |a slo 
044 |a xo  |c SK 
080 |a 37.018.53:371.264  |2 1981 
080 |a 371.264  |2 1981 
100 1 |a Hučík, Ján,  |d 1928-  |4 aut  |9 189335 
245 1 0 |a K metodike psychologickej diagnostiky  |b Ohlas na článok K diferenciácii v osobitnej škole v UN č. 39  |c J. Hučík, J. Senka, I. Učeň 
650 0 7 |a školy osobitné  |2 snkbucl  |9 878988 
655 7 |a články z novín a časopisov  |2 snkbucl  |9 267496 
700 1 |a Senka, Ján,  |d 1936-1998  |4 aut  |9 38475 
700 1 |a Učeň, Ivan  |4 aut  |9 5470 
773 0 |t Učiteľské noviny  |g Roč. 33, č. 46 (1983), s. 4 
850 |a Slovenská národná knižnica v Martine  |a MTA001 
852 |a SNK  |b KIS3GCP 
958 |a RK 
992 |a RBX 
999 |c 2143606  |d 2145536